000 00757cam a2200205 a 4500
999 _c57403
_d57403
001 17209674
005 20220928162929.0
008 120314s2013 nyuab b 001 0 eng
020 _a9780190499334
041 _aeng
080 _a94(3)+35 T-44
245 0 4 _aThe Oxford handbook of the state in the ancient Near East and Mediterranean /
_cedited by Peter Fibiger Bang and Walter Scheidel.
264 _aNew York :
_bOxford University Press,
_c2013.
300 _a555 p. :
_bill., maps ;
_c26 cm.
653 _aისტორია
653 _aახლო აღმოსავლეთი
700 1 _aBang, Peter F.
_q
_eრედაქტორი
_98452
700 1 _aScheidel, Walter,
_d
_eრედაქტორი
_98453
942 _2udc
_cBK